Années d'Histoire de France #1 - Statistiques

Statistiques générales
  • Ce quiz a été pris 24 fois
  • Le résultat moyen est 16 sur 20
Statistiques - réponses
Question Réponse % Correct
La Bastille tombe 1789
100%
Charlemagne est sacré empereur 800
95%
Victoire de François 1er à Marignan 1515
91%
Bataille d'Austerlitz 1805
91%
Défaite de Napoléon III à Sedan 1870
91%
César assiège Alésia -52
91%
Charles Martel repousse l'armée omeyyade à Poitiers 732
91%
Loi de séparation de l'Église et de l'État 1905
86%
Premier mandat d'Emmanuel Macron 2017
86%
Les Trois Glorieuses 1848
82%
Proclamation du régime de Vichy 1940
82%
Défaite de Diên Biên Phu 1954
82%
Louis XIV décède après avoir régné 72 ans 1715
77%
Charles de Gaulle démissionne 1969
77%
Bataille d'Hastings 1066
73%
Bataille de Bouvines, émergence d'un « sentiment national » 1214
73%
L'édit de Nantes est promulgué par Henri IV 1598
73%
Fin de la Guerre de Cent Ans 1456
68%
Sadi Carnot, président de la IIIème République, est assassiné 1894
68%
Philippe le Bel convoque la première assemblée états généraux 1302
45%
Aucun quiz correspondant
Distribution des résultats
% des personnes avec chaque résultat
Percentile par nombre de réponses
Votre historique - résultats
Vous n’avez pas pris ce quiz